<A> Computer-Based Approach to Environmental Impact Assessment
Gespeichert in:
| 1. Verfasser: | |
|---|---|
| Format: | Buch |
| Sprache: | Englisch |
| Veröffentlicht: |
Laxenburg
International Institute for Applied Systems Analysis
1991
|
| Ausgabe: | 1. ed. |
| Tags: |
Keine Tags, Fügen Sie das erste Tag hinzu!
|
MARC
| LEADER | 00000nam a2200000 4500 | ||
|---|---|---|---|
| 001 | c040421 | ||
| 005 | 20221214093323.2 | ||
| 041 | 0 | |a eng | |
| 044 | |a AT | ||
| 245 | 1 | 0 | |a <A> Computer-Based Approach to Environmental Impact Assessment |c Kurt Fedra |
| 250 | |a 1. ed. | ||
| 264 | 1 | |a Laxenburg |b International Institute for Applied Systems Analysis |c 1991 | |
| 300 | |a 40 s. | ||
| 500 | |a Separát z.: Proceedings of the Workshop on Indicators and Indices for Environmental Impact Assessment and Risk Analysis, pp. 11-40 | ||
| 100 | 1 | |a Fedra, Kurt | |